000 00524nam a2200169 4500
001 126935
003 ES-MaACL
005 20250916063051.0
007 t|
008 070214s1926 sp r ||||1| spa d
100 1 _aRiber, Llorenç,
_d1881-1958
_996765
245 1 0 _aRaimundo Lulio
_b: vida, empresas y virtudes de este apostólico y magnánimo varón /
_cLorenzo Riber.
260 _aBarcelona :
_bEpopeya,
_c1926.
300 _a124 p. ;
_c24 x 16 cm.
852 _aES-MaACL
_jB-3461
999 _c126935
_d126935